| 000 | 01296cam a22003131 4500 | ||
|---|---|---|---|
| 001 | gs 51000102 | ||
| 003 | DLC | ||
| 005 | 20260227111357.0 | ||
| 008 | 780307s1950 dcua f000 0 eng c | ||
| 010 | _ags 51000102 | ||
| 035 | _a(OCoLC)3693239 | ||
| 040 |
_aU.S. Geol. Survey. Libr. _cUSlW _dISS _dOCoLC _dDLC |
||
| 043 | _an-us-ca | ||
| 050 | 0 | 0 |
_aQE75 _b.P9 no.222 |
| 051 |
_aQE90.S17 _bW6 |
||
| 082 | _a560.9794 | ||
| 086 | 0 | _aI 19.16:222 | |
| 100 | 1 |
_aWoodring, W. P. _q(Wendell Phillips), _d1891-1983. |
|
| 245 | 1 | 0 |
_aGeology and paleontology of the Santa Maria District, California, _cby W. P. Woodring and M. N. Bramlette. Including a summary of the geologic features of producing and potential oil fields. |
| 260 |
_aWashington, _bU.S. Govt. Print. Off., _c1950. |
||
| 300 |
_aiv, 185 p. _billus., plates (1 in pocket) fold. maps (1 in pocket) _c29 cm. |
||
| 490 | 1 |
_aGeological Survey professional paper, _v222 |
|
| 504 | _a"Annotated bibliography": p. 4-7. | ||
| 650 | 0 |
_aGeology _zCalifornia _zSanta Barbara County. |
|
| 650 | 0 |
_aPaleontology _zCalifornia _zSanta Barbara County. |
|
| 650 | 0 |
_aPetroleum _xGeology _zCalifornia _zSanta Barbara County. |
|
| 700 | 1 |
_aBramlette, M. N. _q(Milton Nunn), _d1896-1977. |
|
| 810 | 2 |
_aGeological Survey (U.S.). _tProfessional paper ; _v222. |
|
| 999 |
_c28541 _d28541 |
||